[Event "SRB-ch sf"]
[Site "Paracin"]
[Date "2022.03.18"]
[Round "3"]
[White "Milovanovic, Srboljub"]
[Black "Micic, Aleksa"]
[Result "0-1"]
[WhiteElo "2000"]
[BlackElo "2135"]
[PlyCount "96"]
[EventDate "2022.03.17"]
[EventType "swiss"]
[EventRounds "9"]
[EventCountry "SRB"]
[SourceTitle "CBM 207 Extra"]
[Source "ChessBase"]
[SourceDate "2022.05.31"]
[SourceVersion "1"]
[SourceVersionDate "2022.05.31"]
[SourceQuality "1"]

1. d4 Nf6 2. c4 g6 3. Nc3 d5 4. cxd5 Nxd5 5. e4 Nxc3 6. bxc3 Bg7 7. Bc4 c5 8. Ne2 Nc6 9. Be3 0-0 10. 0-0 b6 11. Qd2 Bb7 12. Rfd1 Rc8 13. Rac1 cxd4 14. cxd4 Qd6 15. Bh6 Na5 16. Bxg7 Kxg7 17. Bd3 Qa3 18. Rxc8 Rxc8 19. Rc1 Rxc1+ 20. Nxc1 e6 21. Ne2 Nc6 22. Bc4 Na5 23. Bd3 a6 24. h4 h5 25. Nf4 Nc6 26. Bc4 Qb4 27. Qxb4 Nxb4 28. f3 b5 29. Bb3 a5 30. a3 Nc6 31. Ne2 b4 32. axb4 axb4 33. Bc4 Na5 34. Bd3 b3 35. Kf2 b2 36. Nc3 Nb3 37. Ke3 Nc1 38. Bc2 Ba6 39. Nd1 Bd3 40. Bxd3 Nxd3 41. Nc3 Ne1 42. Kf2 Nc2 43. Nb1 Nxd4 44. Ke3 e5 45. Kd3 g5 46. hxg5 Kg6 47. f4 exf4 48. Kxd4 h4 0-1

[Event "SRB-ch sf"]
[Site "Paracin"]
[Date "2021.03.17"]
[Round "3"]
[White "Bjelanovic, Nemanja"]
[Black "Milovanovic, Srboljub"]
[Result "1/2-1/2"]
[WhiteElo "1693"]
[BlackElo "2070"]
[PlyCount "84"]
[EventDate "2021.03.16"]
[EventType "swiss"]
[EventRounds "9"]
[EventCountry "SRB"]
[SourceTitle "CBM 201 Extra"]
[Source "ChessBase"]
[SourceDate "2021.05.31"]
[SourceVersion "1"]
[SourceVersionDate "2021.05.31"]
[SourceQuality "1"]

1. d4 Nf6 2. Nf3 d5 3. Bg5 e6 4. e3 Be7 5. Nbd2 h6 6. Bh4 c5 7. c3 cxd4 8. exd4 Nc6 9. Bd3 a6 10. 0-0 0-0 11. Re1 Re8 12. Qc2 Nd7 13. Bg3 Bf6 14. Ne5 Ncxe5 15. dxe5 Bh4 16. Bxh4 Qxh4 17. Nf3 Qd8 18. Nd4 Qg5 19. Qc1 f5 20. f4 Qe7 21. Re3 Nc5 22. Rg3 Bd7 23. Qe3 Kh8 24. Rd1 Rg8 25. Rh3 b5 26. Bc2 a5 27. b4 axb4 28. cxb4 Ne4 29. Bxe4 dxe4 30. a3 Rgd8 31. Qb3 Rac8 32. Rc3 Rxc3 33. Qxc3 Rc8 34. Qd2 Be8 35. Nb3 Kg8 36. Nc5 Ra8 37. Qd6 Kf7 38. Qxe7+ Kxe7 39. Ra1 Bc6 40. Kf2 g5 41. g3 Rd8 42. Ke3 Ra8 1/2-1/2

[Event "Paracin Summer op"]
[Site "Paracin"]
[Date "2020.07.07"]
[Round "5"]
[White "Milovanovic, Srboljub"]
[Black "Radeva, Viktoria"]
[Result "0-1"]
[WhiteElo "2043"]
[BlackElo "2327"]
[PlyCount "148"]
[EventDate "2020.07.03"]
[EventType "swiss"]
[EventRounds "9"]
[EventCountry "SRB"]
[SourceTitle "CBM 197 Extra"]
[Source "ChessBase"]
[SourceDate "2020.09.30"]
[SourceVersion "1"]
[SourceVersionDate "2020.09.30"]
[SourceQuality "1"]

1. d4 d5 2. Nf3 Nf6 3. c4 e6 4. Nc3 c6 5. e3 Nbd7 6. Bd3 dxc4 7. Bxc4 b5 8. Be2 Be7 9. e4 b4 10. e5 bxc3 11. exf6 Nxf6 12. bxc3 0-0 13. 0-0 c5 14. Ne5 Bb7 15. Ba3 Qc7 16. Bf3 Bxf3 17. Nxf3 Rfd8 18. Qa4 cxd4 19. Bxe7 Qxe7 20. cxd4 Nd5 21. Rfe1 Rac8 22. Rac1 Rc7 23. Rxc7 Qxc7 24. h3 h6 25. Qa6 Rb8 26. Qa3 Rc8 27. Qa6 Nb4 28. Qa4 Nd3 29. Rf1 Nf4 30. Qa6 Rb8 31. Qa3 a5 32. Kh1 Rc8 33. Qe3 Nd5 34. Qb3 Qc2 35. Kg1 a4 36. Qb7 Rc7 37. Qb8+ Kh7 38. Qf8 f6 39. a3 Nf4 40. Qd6 Ne2+ 41. Kh2 Rc6 42. Qd7 Qc4 43. Re1 Nf4 44. Re4 Qd5 45. Qxd5 Nxd5 46. Ne1 Rc3 47. Rxe6 Rxa3 48. Ra6 Nb4 49. Ra8 Ra1 50. Nf3 a3 51. Ra4 a2 52. Rxb4 Rb1 53. Ra4 a1Q 54. Rxa1 Rxa1 55. Kg3 Kg6 56. Nh4+ Kf7 57. f4 Ra3+ 58. Kg4 g6 59. Nf3 h5+ 60. Kh4 Ke6 61. Kg3 Kf5 62. d5 Rd3 63. d6 g5 64. fxg5 fxg5 65. Kf2 Rxd6 66. Ke3 Re6+ 67. Kf2 Ra6 68. Nd4+ Ke4 69. Nf3 Ra2+ 70. Kg3 Ra3 71. Kf2 g4 72. hxg4 hxg4 73. Nh4 g3+ 74. Kf1 Ke5 0-1

[Event "Nis op"]
[Site "Nis"]
[Date "2019.06.25"]
[Round "1"]
[White "Radovanovic, Nikola"]
[Black "Milovanovic, Srboljub"]
[Result "1-0"]
[WhiteElo "2427"]
[BlackElo "2069"]
[PlyCount "56"]
[EventDate "2019.06.25"]
[EventType "swiss"]
[EventRounds "9"]
[EventCountry "SRB"]
[SourceTitle "CBM 191 Extra"]
[Source "ChessBase"]
[SourceDate "2019.09.30"]
[SourceVersion "1"]
[SourceVersionDate "2019.09.30"]
[SourceQuality "1"]

1. d4 Nf6 2. c4 e6 3. Nc3 Bb4 4. e3 0-0 5. Nge2 c5 6. a3 cxd4 7. exd4 Be7 8. d5 exd5 9. cxd5 d6 10. Ng3 Re8 11. Be2 Nbd7 12. 0-0 Ne5 13. Be3 Bd7 14. Qd2 Qb8 15. f4 Ng6 16. a4 Bd8 17. a5 b5 18. b4 a6 19. h3 Qb7 20. Kh2 Ne7 21. Bf3 Nf5 22. Nxf5 Bxf5 23. Bd4 Ne4 24. Rae1 Nf6 25. g4 Bd7 26. g5 Rxe1 27. Rxe1 Ne8 28. f5 Kf8 1-0

[Event "Serbia Central Cup"]
[Site "Kragujevac"]
[Date "2018.04.30"]
[Round "3"]
[White "Milovanovic, Srboljub"]
[Black "Kolbert, Engelbert"]
[Result "1/2-1/2"]
[WhiteElo "2108"]
[BlackElo "2131"]
[PlyCount "76"]
[EventDate "2018.04.29"]
[EventType "swiss"]
[EventRounds "6"]
[EventCountry "SRB"]
[SourceTitle "CBM 184 Extra"]
[Source "ChessBase"]
[SourceDate "2018.06.28"]
[SourceVersion "1"]
[SourceVersionDate "2018.06.28"]
[SourceQuality "1"]

1. d4 Nf6 2. c4 c5 3. d5 e6 4. Nc3 exd5 5. cxd5 d6 6. e4 g6 7. Nf3 Bg7 8. Bd3 0-0 9. h3 Na6 10. 0-0 Nc7 11. Re1 a6 12. a4 b6 13. Bf4 Rb8 14. Bh2 b5 15. e5 Nfe8 16. axb5 axb5 17. exd6 Nxd6 18. Ne5 Rb6 19. Nc6 Rxc6 20. dxc6 b4 21. Na4 Bd4 22. Rc1 Ne6 23. Be5 Bxe5 24. Rxe5 Qf6 25. Re3 Rd8 26. Qf1 Qd4 27. Bc4 Nf4 28. Rd1 Nxc4 29. Rxd4 cxd4 30. Qxc4 dxe3 31. fxe3 Rd1+ 32. Kh2 Nd5 33. e4 Ne3 34. Qc5 Nf1+ 35. Kg1 Ng3+ 36. Kh2 Nf1+ 37. Kh1 Ng3+ 38. Kh2 Nf1+ 1/2-1/2

[Event "SRB-chT2 East"]
[Site "Vrnjacka Banja"]
[Date "2015.10.11"]
[Round "11.21"]
[White "Milovanovic, Srboljub"]
[Black "Marjanovic, Dejan"]
[Result "0-1"]
[WhiteElo "2217"]
[BlackElo "2316"]
[PlyCount "70"]
[EventDate "2015.08.28"]
[EventType "team-tourn"]
[EventRounds "11"]
[EventCountry "SRB"]
[SourceTitle "EXT 2022"]
[Source "ChessBase"]
[SourceDate "2021.10.06"]
[SourceVersion "1"]
[SourceVersionDate "2021.10.06"]
[SourceQuality "1"]

1. d4 d5 2. Nf3 Nf6 3. c4 dxc4 4. e3 b5 5. a4 b4 6. Bxc4 e6 7. 0-0 Be7 8. Qe2 Bb7 9. Nbd2 0-0 10. Rd1 Nbd7 11. a5 a6 12. Nb3 Qb8 13. Bd2 Rc8 14. Ne5 c5 15. Nxd7 Nxd7 16. dxc5 Nxc5 17. Nxc5 Bxc5 18. b3 Qe5 19. Be1 h5 20. Ra2 h4 21. h3 g6 22. Qg4 Rd8 23. Raa1 Bd6 24. Kf1 Qh2 25. f3 Bg3 26. Bf2 Qh1+ 27. Bg1 Kg7 28. Be2 e5 29. Qxb4 Bd5 30. Rxd5 Rxd5 31. Bc4 Rd7 32. e4 Bf4 33. Qc3 Rd2 34. Be2 Rad8 35. Re1 Bh2 0-1

[Event "SRB-chT2 East"]
[Site "Vrnjacka Banja"]
[Date "2015.10.10"]
[Round "9.21"]
[White "Milovanovic, Srboljub"]
[Black "Todorovic, Nenad I"]
[Result "1/2-1/2"]
[WhiteElo "2217"]
[BlackElo "2273"]
[PlyCount "31"]
[EventDate "2015.08.28"]
[EventType "team-tourn"]
[EventRounds "11"]
[EventCountry "SRB"]
[SourceTitle "EXT 2022"]
[Source "ChessBase"]
[SourceDate "2021.10.06"]
[SourceVersion "1"]
[SourceVersionDate "2021.10.06"]
[SourceQuality "1"]

1. d4 Nf6 2. c4 e6 3. Nc3 Bb4 4. e3 0-0 5. Nf3 d5 6. Bd3 c5 7. 0-0 dxc4 8. Bxc4 Nbd7 9. Qe2 b6 10. Rd1 Bb7 11. d5 exd5 12. Nxd5 Nxd5 13. Bxd5 Bxd5 14. Rxd5 Qc7 15. a3 Ba5 16. Qc2 1/2-1/2

[Event "SRB-chT2 East"]
[Site "Vrnjacka Banja"]
[Date "2015.10.09"]
[Round "7.21"]
[White "Milovanovic, Srboljub"]
[Black "Govedarica, Radovan"]
[Result "0-1"]
[WhiteElo "2217"]
[BlackElo "2369"]
[PlyCount "148"]
[EventDate "2015.08.28"]
[EventType "team-tourn"]
[EventRounds "11"]
[EventCountry "SRB"]
[SourceTitle "EXT 2022"]
[Source "ChessBase"]
[SourceDate "2021.10.06"]
[SourceVersion "1"]
[SourceVersionDate "2021.10.06"]
[SourceQuality "1"]

1. d4 Nf6 2. c4 e6 3. Nc3 Bb4 4. e3 0-0 5. Nf3 d5 6. Bd3 c5 7. 0-0 cxd4 8. exd4 dxc4 9. Bxc4 b6 10. Bg5 Bb7 11. Qe2 Nbd7 12. Ne5 Bxc3 13. bxc3 Qc7 14. Nxd7 Nxd7 15. Rac1 h6 16. Bh4 Qf4 17. Bg3 Qe4 18. Qxe4 Bxe4 19. f3 Bc6 20. Rfd1 a6 21. Bb3 b5 22. c4 bxc4 23. Rxc4 Bd5 24. Rc7 Nb6 25. Bd6 Rfd8 26. Bc5 Bxb3 27. axb3 Nd5 28. Rb7 Rdb8 29. Rxb8+ Rxb8 30. Rd3 Rb5 31. Kf2 Ra5 32. Rd2 Ra1 33. Rb2 a5 34. g3 g5 35. Ke2 a4 36. bxa4 Rxa4 37. Kf2 h5 38. Rd2 Rc4 39. Bd6 g4 40. Bf4 f6 41. fxg4 hxg4 42. Kg2 Rc3 43. Bb8 Kf7 44. h4 Ne3+ 45. Kf2 Nc4 46. Rd1 Rc2+ 47. Kg1 Nd2 48. Bf4 Nf3+ 49. Kf1 Kg6 50. d5 e5 51. Be3 Rc7 52. Ke2 Rd7 53. d6 f5 54. Bc5 f4 55. Kf2 Kf5 56. h5 Ng5 57. Bb4 Ne4+ 58. Kg1 Nxg3 59. h6 Ke6 60. Kg2 Nf5 61. Rh1 Rh7 62. Rh5 Nxd6 63. Rg5 Rxh6 64. Rxg4 Ne4 65. Rg8 Nf6 66. Ra8 Rg6+ 67. Kf1 Rg3 68. Be1 Rb3 69. Bh4 Nd5 70. Bf2 Kf5 71. Ra4 e4 72. Ba7 Rb1+ 73. Kf2 e3+ 74. Bxe3 fxe3+ 0-1

[Event "Nis Pantelej op 2nd"]
[Site "Nis"]
[Date "2014.08.06"]
[Round "6"]
[White "Djordjevic, Lazar"]
[Black "Milovanovic, Srboljub"]
[Result "0-1"]
[WhiteElo "1739"]
[BlackElo "2213"]
[PlyCount "100"]
[EventDate "2014.08.03"]
[EventType "swiss"]
[EventRounds "9"]
[EventCountry "SRB"]
[SourceTitle "CBM 162 Extra"]
[Source "ChessBase"]
[SourceDate "2014.10.17"]
[SourceVersion "1"]
[SourceVersionDate "2014.10.17"]
[SourceQuality "1"]

1. e4 c5 2. Nf3 Nc6 3. c3 d5 4. exd5 Qxd5 5. d4 Bg4 6. Be2 Nf6 7. 0-0 e6 8. Na3 Be7 9. Nc2 cxd4 10. Ncxd4 Nxd4 11. Nxd4 Bxe2 12. Qxe2 0-0 13. Be3 a6 14. Rfd1 Rfd8 15. Nf3 Qe4 16. Nd2 Qc6 17. Bg5 Rd5 18. Bxf6 Bxf6 19. Ne4 Rxd1+ 20. Rxd1 Be7 21. Rd3 Rd8 22. Qd2 Rxd3 23. Qxd3 f5 24. Nd2 Bf6 25. Nb3 Kf7 26. Na5 Qc7 27. Nc4 Ke7 28. Ne3 Qd6 29. Qe2 g6 30. c4 Qe5 31. Qd3 Qxb2 32. c5 Qc1+ 33. Nf1 Qxc5 34. Qh3 h5 35. Qg3 Kf7 36. Qb3 b5 37. g3 Bd4 38. Qf3 Qd5 39. Qe2 Qc4 40. Qd2 Qc3 41. Qh6 Qe1 42. Qf4 e5 43. Qf3 Qe4 44. Qb3+ Kg7 45. Qe6 Qe1 46. Qe7+ Kh6 47. Qf8+ Kg5 48. Qd8+ Kg4 49. h3+ Kf3 50. Qd5+ Ke2 0-1

[Event "Nis Art Faculty op"]
[Site "Nis"]
[Date "2013.08.06"]
[Round "5"]
[White "Todorovic, Nenad I"]
[Black "Milovanovic, Srboljub"]
[Result "0-1"]
[WhiteElo "2146"]
[BlackElo "2206"]
[PlyCount "86"]
[EventDate "2013.08.03"]
[EventType "swiss"]
[EventRounds "7"]
[EventCountry "SRB"]
[SourceTitle "EXT 2015"]
[Source "ChessBase"]
[SourceDate "2014.11.20"]
[SourceVersion "1"]
[SourceVersionDate "2014.11.20"]
[SourceQuality "1"]

1. e4 c5 2. Nf3 Nc6 3. d4 cxd4 4. Nxd4 Nf6 5. Nc3 d6 6. Bg5 e6 7. Qd2 a6 8. 0-0-0 Bd7 9. f3 Be7 10. Kb1 Nxd4 11. Qxd4 Bc6 12. h4 Qa5 13. Qd2 Qc7 14. Ne2 d5 15. e5 Ng8 16. Bxe7 Nxe7 17. f4 Bb5 18. Nd4 Bxf1 19. Rhxf1 Nc6 20. Rf3 Nxd4 21. Qxd4 Rc8 22. Rc3 Qd7 23. Rg3 0-0 24. f5 Kh8 25. f6 gxf6 26. exf6 Rg8 27. Rg5 Qc7 28. c3 Rxg5 29. hxg5 Qg3 30. Qb4 Qxg5 31. Qxb7 Rf8 32. Qxa6 Qxf6 33. Qd3 Rg8 34. Qd4 Qxd4 35. Rxd4 f5 36. Rd2 Kg7 37. b4 Kf6 38. a4 Ke5 39. Kc2 Kd6 40. Kd3 e5 41. c4 Rg3+ 42. Kc2 d4 43. c5+ Kd5 0-1

[Event "Nis Art Faculty op"]
[Site "Nis"]
[Date "2013.08.05"]
[Round "4"]
[White "Milovanovic, Srboljub"]
[Black "Livaja, Mario"]
[Result "1-0"]
[WhiteElo "2206"]
[BlackElo "2221"]
[PlyCount "117"]
[EventDate "2013.08.03"]
[EventType "swiss"]
[EventRounds "7"]
[EventCountry "SRB"]
[SourceTitle "EXT 2015"]
[Source "ChessBase"]
[SourceDate "2014.11.20"]
[SourceVersion "1"]
[SourceVersionDate "2014.11.20"]
[SourceQuality "1"]

1. d4 Nf6 2. c4 e5 3. dxe5 Ng4 4. Bf4 Nc6 5. Nf3 Bb4+ 6. Nbd2 Qe7 7. e3 Ngxe5 8. Nxe5 Nxe5 9. Be2 d6 10. 0-0 a5 11. a3 Bxd2 12. Qxd2 a4 13. Qc3 0-0 14. c5 Ng6 15. cxd6 cxd6 16. Bg3 Be6 17. Qb4 Rfd8 18. Rfd1 d5 19. Qb6 Qg5 20. Rd4 Rdc8 21. Qxb7 h5 22. h4 Qf5 23. Bf3 Ra5 24. Rad1 Rc4 25. e4 Qf6 26. Rxc4 dxc4 27. Qb6 Re5 28. Qd8+ Kh7 29. Qxf6 gxf6 30. Bxe5 fxe5 31. g3 Kh6 32. Rd6 Ne7 33. Bd1 Ng8 34. Bxa4 Nf6 35. f3 Kg7 36. Bb5 Kf8 37. Rc6 Ke7 38. Bxc4 Bd7 39. Rc7 Kd6 40. Ra7 Ne8 41. Bxf7 Nc7 42. Bxh5 Nb5 43. Rxd7+ Kxd7 44. Bf7 Nd4 45. Kf2 Ke7 46. Bd5 Kd6 47. h5 Ke7 48. a4 Kf6 49. a5 Nb5 50. b4 Nc7 51. Bc4 Kg5 52. g4 Kf4 53. h6 Ne8 54. h7 Nf6 55. h8Q Nxe4+ 56. fxe4 Kxe4 57. Qd8 Kf4 58. Be2 e4 59. Qf6# 1-0

[Event "SRB Central-ch op-A 5th"]
[Site "Paracin"]
[Date "2012.07.10"]
[Round "5"]
[White "Nestorovic, Nikola"]
[Black "Milovanovic, Srboljub"]
[Result "1-0"]
[WhiteElo "2436"]
[BlackElo "2217"]
[PlyCount "69"]
[EventDate "2012.07.06"]
[EventType "swiss"]
[EventRounds "9"]
[EventCountry "SRB"]
[SourceTitle "CBM 149 Extra"]
[Source "ChessBase"]
[SourceDate "2012.08.24"]
[SourceVersion "1"]
[SourceVersionDate "2012.08.24"]
[SourceQuality "1"]

1. e4 c5 2. Nf3 Nc6 3. d4 cxd4 4. Nxd4 Nf6 5. Nc3 d6 6. Bg5 e6 7. Qd2 a6 8. 0-0-0 Bd7 9. f3 Be7 10. h4 h6 11. Be3 h5 12. Bg5 Ne5 13. f4 Neg4 14. Qe1 Qa5 15. Kb1 Rc8 16. Rh3 b5 17. e5 b4 18. exf6 gxf6 19. Ne4 fxg5 20. hxg5 e5 21. Nb3 Qb6 22. Rhd3 Bf5 23. Nxd6+ Bxd6 24. Rxd6 Bxc2+ 25. Ka1 Qc7 26. Rd7 Qxd7 27. Rxd7 Kxd7 28. Bxa6 Rc7 29. Bb5+ Ke6 30. Nd4+ Kd5 31. Nxc2 Rxc2 32. Qd1+ Kc5 33. Qxc2+ Kxb5 34. b3 exf4 35. Qc4+ 1-0

[Event "Nis Medijana op"]
[Site "Nis"]
[Date "2012.04.29"]
[Round "4"]
[White "Milovanovic, Srboljub"]
[Black "Ostojic, Nikola M"]
[Result "1-0"]
[WhiteElo "2199"]
[BlackElo "2047"]
[PlyCount "77"]
[EventDate "2012.04.27"]
[EventType "swiss"]
[EventRounds "5"]
[EventCountry "SRB"]
[SourceTitle "EXT 2013"]
[Source "ChessBase"]
[SourceDate "2012.11.22"]
[SourceVersion "1"]
[SourceVersionDate "2012.11.22"]
[SourceQuality "1"]

1. Nf3 d5 2. g3 c5 3. Bg2 Nc6 4. d4 Nf6 5. 0-0 Bg4 6. Ne5 Bh5 7. Nxc6 bxc6 8. dxc5 Qa5 9. c4 e6 10. cxd5 cxd5 11. Bd2 Qa6 12. Qc1 Rc8 13. b4 Bxe2 14. Re1 Be7 15. Bc3 0-0 16. Qb2 Bd3 17. Nd2 Qa4 18. Re3 Ba6 19. Bf3 Rb8 20. Bd1 Qd7 21. Nb3 d4 22. Bxd4 Rxb4 23. Bf3 Rd8 24. Rd1 Qb5 25. Be2 Qc6 26. Bc3 Rxd1+ 27. Bxd1 Rb8 28. Bf3 Qc8 29. Be5 Rb4 30. Qa3 Rb5 31. Be2 Bxc5 32. Nxc5 Rb1+ 33. Kg2 Bxe2 34. Rxe2 Qc6+ 35. f3 h5 36. Qd3 Rb5 37. Bxf6 Rxc5 38. Bb2 h4 39. Qd8+ 1-0

[Event "Nis op"]
[Site "Nis"]
[Date "2012.03.16"]
[Round "6"]
[White "Milovanovic, Srboljub"]
[Black "Djukic, Zeljko"]
[Result "0-1"]
[WhiteElo "2199"]
[BlackElo "2382"]
[PlyCount "56"]
[EventDate "2012.03.11"]
[EventType "swiss"]
[EventRounds "9"]
[EventCountry "SRB"]
[SourceTitle "CBM 147 Extra"]
[Source "ChessBase"]
[SourceDate "2012.04.24"]
[SourceVersion "1"]
[SourceVersionDate "2012.04.24"]
[SourceQuality "1"]

1. d4 d6 2. e4 Nf6 3. f3 e5 4. d5 Be7 5. Be3 Nh5 6. Qd2 h6 7. c4 Bg5 8. Nc3 a5 9. 0-0-0 Na6 10. g3 Bxe3 11. Qxe3 Qg5 12. Kd2 g6 13. Nge2 Qxe3+ 14. Kxe3 0-0 15. Bg2 Bd7 16. Rhf1 Rae8 17. Kd2 Re7 18. Nc1 f5 19. Nd3 b6 20. b3 Nb4 21. a3 Nxd3 22. Kxd3 Nf6 23. Kd2 Ref7 24. Bh3 fxe4 25. Bxd7 Nxd7 26. Nxe4 Rxf3 27. Rxf3 Rxf3 28. Rb1 Nc5 0-1